A treatise of the maners and behauiours.

Saved in:
Bibliographic Details
Main Author: Della Casa, Giovanni, 1503-1556
Other Authors: Peterson, Robert, fl. 1576-1606 (tr.)
Format: Book
Language:English
Published: Amsterdam, New York, Theatrum Orbis Terrarum; Da Capo Press, 1969.
Series:English experience, its record in early printed books published in facsimile ; no. 120
Subjects:
LEADER 01599nam a2200325 4500
001 c000318008
003 CARM
005 00000000000000.0
008 710726r19691576ne 00000 eng
010 |a 73026476 //r954 
019 1 |a 516941  |z 9244804  |5 LACONCORD2021 
035 |a (OCoLC)152897  |5 LACONCORD2021 
041 1 |a engita 
050 0 |a BJ1921  |b .C3 1576a 
082 0 0 |a 395 
100 1 |a Della Casa, Giovanni,  |d 1503-1556. 
240 1 0 |a Galateo.  |l English 
245 1 2 |a A treatise of the maners and behauiours. 
260 |a Amsterdam,  |b Theatrum Orbis Terrarum;  |a New York,  |b Da Capo Press,  |c 1969. 
300 |a 122 p.  |c 23 cm. 
490 0 |a English experience, its record in early printed books published in facsimile ;  |v no. 120 
500 |a Translation of Galateo. 
500 |a Original t.p. reads: Galateo of Maister Iohn della Casa, Archebishop of Beneuenta. Or rather, A treatise of the mãners and behauiours, it behoueth a man to vse and eschewe, in his familiar conuersation ... First written in the Italian tongue, and now done into English by Robert Peterson, of Lincolnes Inne, gentleman. Imprinted at London for Raufe Newbery dwelling in Fleetestreate a little aboue the conduit, An. Do. 1576. 
500 |a STC 4738. 
650 0 |a Etiquette, Medieval. 
650 0 |a Conversation. 
700 1 |a Peterson, Robert,  |d fl. 1576-1606,  |e tr. 
852 8 |b CARM  |h A1:AM01B0  |i B09187  |p 0424163  |f BK 
999 f f |i a2914952-a4e4-50e8-8c4a-c825672d2735  |s 97b49208-7ad7-5d4b-a7db-9ab3dc6cd7c2 
952 f f |p Can circulate  |a CAVAL  |b CAVAL  |c CAVAL  |d CARM 1 Store  |e B09187  |f A1:AM01B0  |h Other scheme  |i book  |m 0424163